000 01018nam a2200265 i 4500
001 169138
003 ES-MaACL
005 20250812062538.0
008 080819s1955 sp f |||| | spa d
080 _a2:32(410.1)
080 _a271.5(410.1)
100 1 _aWoodruff, Douglas.
_9138202
245 1 0 _aNewman, Chesterton y los católicos ingleses hoy /
_cDouglas Woodruff.
260 _aMadrid :
_bAteneo,
_c1955.
300 _a38 p. :
_b1 lám. ;
_c19 cm.
490 1 _aColección "O crece o muere" ;
_v97
500 _aEl original fue dado a conocer por el autor en el Ateneo de Madrid dentro del ciclo "Tendencias actuales del pensamiento europeo", el día 17 de junio de 1955.
610 2 7 _aAteneo de Madrid-
_vConferencias-
_y1940-1982.
_91908
650 7 _aReligión y política
_2embne
_916813
650 4 _aCatólicos-
_zInglaterra.
_9138203
830 0 0 _aColección "O crece o muere"
_v97
_9183476
852 _aES-MaACL
_jJ-24(97)
852 _aES-MaACL
_jJ-25(97)
999 _c169138
_d169138